000 00373nam a2200133Ia 4500
008 231129s2005||||xx |||||||||||||| ||spa||
020 _aISBN 84-494-3058-5 (
040 _bspa
082 _a(i) 372.832 P425p
245 0 _aEl pequeño ciudadano: con juegos y actividades prácticas
260 _c2005
264 _aOceano
942 _2ddc
_cBKS
999 _c12046
_d12046